Gaming Quiz

Random Gaming or Nintendo Quiz

Kirby's Adventure Copy Abilities Quiz Stats

 Plays Quiz not verified by Sporcle

Support Sporcle.
Go Orange.
Score 0/25 Timer 05:00
0 Plays Today
Copy Ability % Correct
Fire
95.8%
Ice
88.8%
Sword
88.1%
Beam
72.2%
Hammer
71.8%
Cutter
71.6%
Stone
68%
Wheel
66.9%
Spark
66.1%
Burning
61.1%
UFO
61%
Crash
58.6%
Mike
56%
Copy Ability % Correct
Freeze
54.2%
Ball
53.2%
Laser
52.2%
Parasol
51.4%
Throw
50%
Hi-Jump
49.4%
Needle
49.3%
Tornado
48%
Sleep
46.7%
Star Rod
44%
Light
40.6%
Back Drop
38.3%

You're not logged in!

Compare scores with friends on all Sporcle quizzes.
OR
Log In

From the Vault

TV's Second Golden Age: Characters from TV Dramas

by tim_parr

Many critics say we are in TV's second Golden Age. Apparently, Jersey Shore never got the memo.
Remove Ads.
Support Sporcle.
Get the best of Sporcle when you Go Orange. This ad-free experience offers more features, more stats, and more fun while also helping to support Sporcle. Thank you for becoming a member.

Show Comments

Extras

Top Quizzes Today


Score Distribution

Your Account Isn't Verified!

In order to create a playlist on Sporcle, you need to verify the email address you used during registration. Go to your Sporcle Settings to finish the process.

Report this User

Report this user for behavior that violates our Community Guidelines.

Details: